| 000 | 00000nam 2200000za 4500 |
| 001 | 9.852573 |
| 003 | CaOODSP |
| 005 | 20221107154620 |
| 007 | cr ||||||||||| |
| 008 | 180228s1974 onc #o f000 0 eng d |
| 040 | |aCaOODSP|beng |
| 043 | |an-cn-qu |
| 086 | 1 |aR32-448/1974E-PDF |
| 245 | 00|aIndian reserves and settlements |h[electronic resource] : |bQuébec notes / |ccollected by T&HRC. |
| 246 | 10|aQuébec notes |
| 260 | |aOttawa : |bTreaties and Historical Research Centre, |c1974. |
| 300 | |a7 p. |
| 500 | |aTitle from cover. |
| 500 | |aDigitized edition from print [produced by Indigenous and Northern Affairs Canada]. |
| 520 | |aBrief descriptions of various Indian reserves and settlements in Quebec including historical dates, approximates sizes and how they were acquired or established. |
| 692 | 07|2gccst|aAboriginal reserves |
| 692 | 07|2gccst|aAgreements |
| 692 | 07|2gccst|aCanadian history |
| 710 | 2 |aTreaties and Historical Research Centre (Canada) |
| 710 | 1 |aCanada. |bIndian and Northern Affairs Canada. |
| 856 | 40|qPDF|s1.11 MB|uhttps://publications.gc.ca/collections/collection_2018/aanc-inac/R32-448-1974-eng.pdf |